Регионална библиотека "Любен Каравелов" - Русе

Технология на храната (Запис номер 413182)

MARC детайли
000 -Лидер
Контролно поле с фиксирана дължина nam a22 a 4500
003 - Код на организацията, давaща контролен номер
Контролно поле BLK
005 - Дата и час на последна редакция
Контролно поле 20210510135658.0
008 - Елементи от данни с фиксирана дължина
fixed length control field 210510b bu |||||r|||| 00| | bu d
040 ## - Източник на каталожния запис
Идентификатор на билиотеката - собственик на записа BLK
041 ## - Код за език
Код за езика на текст/звукозапис или на отделно заглавие Български
Код за езика КДБФ Български
080 ## - УДК
Текстов определител УДК Хранителни продукти. Приготвяне на храната
УДК код - определител по УДК 641
УДК определител (075.3)
УДК - код + определител 641(075.3)
100 ## - Редна дума - Автор
R(LIN) 1299
Автор Христова, Стефана Якимова
Авторска отговорност първи автор
139 ## - Редно поле
Редна дума Христова, Стефана Якимова
245 ## - Сведения за заглавието
Заглавие Технология на храната
Подзаглавни данни Готварство : За III и IV курс на техникумите по обществено хранене
Редно поле (дума) Стефана Якимова Христова
260 ## - Област на издателските данни
9 (RLIN) 443233
Място на издаване, разпространение и проч. София
Име на издателя, разпространителя и проч. Нар. просвета
Година на издаване 1956
300 ## - Физическа характеристика
Страници 214 с.
Илюстрации и др. с ил.
Размери/Мащаб 22 см
380 ## - Жанр
Жанр Техника
650 #7 - Допълнително описание по предмет – тема
9 (RLIN) 152335
Основно описание – тема или топоним Готварство
653 #7 - Ключова дума – ненормативна
9 (RLIN) 199113
Ключова дума учебници за техникуми
852 ## - Местоположение
Форматна сигнатура Цб 6.220.47437
Фондова буква Основен фонд - ползва се само за читалня
999 ## - СИСТЕМНИ КОНТРОЛНИ НОМЕРА
Koha biblionumber 413182
Koha biblioitemnumber 413182
942 ## - АРТИКУЛИ
Вид на библиотечния материал Книги
Скрит в OPAC Не
Периодичен библиозапис Да
944 ## - СЪЗДАВАНЕ И РЕДАКЦИЯ на ЗАПИСА
Създаване/Редакция Създаване
Дата на регистрацията/редакция 2021-05-10
Служител, извършил регистрацията/редакцията ВЙ
Наличности
Код за отписване Код за изгубен артикул Източник на класификационната схема Код за повреда Коз за рестрикции Код за отдаване Артикулен № Име на библиотеката - собственик Име на библиотеката, в която се намира в момента Статус (Текущо местоположение) Дата на вписване в системата Местоположение - отдел Цена в лева Инвентарен номер Систематично азбучна сигнатура Баркод Цена в евро Служебен тип на артикула
  Не е изгубен Universal Decimal Classification Не е повреден само за читалня ползва се в читалня 829228 Регионална библиотека "Любен Каравелов" Русе Регионална библиотека "Любен Каравелов" Русе Хранилище 2021-05-11 Основен фонд - ползва се само за читалня 0.54 5553/57 Цб 6.220.47437 900000059951 0.28 Книги
Vip Innovations Ltd, Rousse, Bulgaria 2025